| 000 | 00563nam a2200169Ia 4500 | ||
|---|---|---|---|
| 999 |
_c11497 _d11497 |
||
| 082 | _aTS.0792 | ||
| 100 | _aSharma, Ajaya Kumar | ||
| 245 | 0 | _aChhattisgarh me kandel nahar satyagraha ka aitihasik anusheelan (1900-1947) | |
| 250 | _aPandit Ravishankar Shukla | ||
| 260 | _c1993 | ||
| 300 | _av.p. | ||
| 650 | _aFOREIGN STRUGGLE IN INDIA///KANDEL NAHAR SATYAGRAHA - 1900-1947 | ||
| 650 | _aINDIA - HISTORY - 20TH CENTURY///KANDEL NAHAR SATYAGRAHA - 1900-1947 | ||
| 650 | _aKANDEL NAHAR SATYAGRAHA - 1990-1947 | ||
| 710 | _aShukla, Santa | ||
| 942 |
_cTH _2ddc |
||